Generalized functions (Record no. 190816)

MARC details
000 -LEADER
fixed length control field 00327nam a2200133Ia 4500
008 - FIXED-LENGTH DATA ELEMENTS--GENERAL INFORMATION
fixed length control field 230917s9999||||xx |||||||||||||| ||und||
040 ## - CATALOGING SOURCE
-- 10022
Original cataloging agency VIVEKANANDA LIBRARY
041 ## - Language
-- English
082 ## - DDC NUMBER
Classification number 515.7223 G281G
100 ## - MAIN ENTRY--PERSONAL NAME
Personal name Gel'fand, I M
245 #0 - TITLE STATEMENT
Title Generalized functions
260 ## - PUBLICATION, DISTRIBUTION, ETC. (IMPRINT)
Place of publication, distribution, etc New York
Name of publisher, distributor, etc Academic Press
Date of publication, distribution, etc 1968
942 ## - ADDED ENTRY ELEMENTS (KOHA)
Koha item type Books
Holdings
Withdrawn status Lost status Damaged status Not for loan Location (home branch) Sublocation or collection (holding branch) Date acquired Koha issues (times borrowed) Koha full call number Accession No. Koha date last seen Koha item type
        VIVEKANANDA LIBRARY VIVEKANANDA LIBRARY 08/08/2002   515.7223 G281G 48013 17/09/2023 Books
© Designed and Maintained by Vivekananda Library, MDU Rohtak